000 00305nam a22001337a 4500
008 170807b xxu||||| |||| 00| 0 eng d
020 _a9781558606043
041 _aeng
080 _a004
100 _a33
101 _aSHK
245 _aCOMPUTER ORGANIZATION AND DESIGN
_cPATTERSON,D.A
942 _2udc
_cBK
999 _c22762
_d22762